000 01026nam a22003137a 4500
003 CHAP
005 20220329135944.0
008 971013s1972 r 00010 d
010 _a44669
011 _a45641
035 _a49780
040 _cCHAP
090 _aFolleto 3151 (1971)
110 _aINIA. México. Departamento de Hortalizas
_958589
245 _aResumen anual. (3) Oaxtepec, Mor., 1972., resúmen de trabajos
260 _aCelaya, Gro. ; El Instituto,
_c(1972)
300 _as.p.
590 _aBATCH-UPD
_b10
_c20130110
_lUCH01
_h0127
590 _aBATCH-UPD
_b10
_c20130110
_lUCH01
_h2004
590 _aBATCH-UPD
_b10
_c20130409
_lUCH01
_h2121
590 _aBATCH-UPD
_b10
_c20130410
_lUCH01
_h1324
590 _aBATCH-UPD
_b10
_c20130914
_lUCH01
_h1623
590 _aCONVERSION
_b10
_c20130109
_lUCH01
_h1324
650 1 4 _aHorticultura
_xInvestigación.
_956343
650 1 4 _aHorticultura
_xMéxico.
_956357
901 _aBK
942 _cFOLL
949 _aFolleto 3151 (1971)
_bBC
_cFOLL
_d-112212
_eTS1
_i49780
_mD
_si
999 _c44669
_d44669